000 00803cab a2200229 4500
001 ABS59207
008 090401t1998 xxu||||| |||| 00| 0 eng d
035 _a(Sirsi) u88107
041 _aeng
100 _aAmos, G.
245 _aDanger of mayor`s new powers
260 _c1998
350 _a0
490 _aPlanning (for the Natural and Built Environment)
_v21 August 1998, 10(1)
520 _aDiscusses the affect that a unitary authority for London will have on planning in the Capital following the publication of the consultation document "Planning applications of strategic importance categories".
650 _aCONSULTATION DOCUMENT
650 _aGREATER LONDON AUTHORITY
650 _aPLANNING DECISIONS
690 _aPLANNING LAW AND PRACTICE
942 _n0
948 _c25/08/1998
999 _c55649
_d55649